000 00700nam a2200241Ia 4500
003 OSt
005 20220918212510.0
006 a|||||r|||| 00| 0
007 ta
008 220917b |||||||| |||| 00| 0 eng d
024 _a129,144
037 _cTextual
040 _aARTS
_cARTS
_beng
041 _2eng
_aeng
082 _aX:3M24xM18:g(R), L4
100 _aMarkovic Mihailo
_9124034
245 0 _aContemoporary Marx
_b essays on humanist communism
260 _aNiottingham
_bSookesman Books
_c1974
490 _aEuropean socialist thought series; 3
650 _aECONOMICS
942 _hX:3M24xM18:g(R), L4
_cTEXL
_2CC
999 _c252278
_d252278